| 000 | 01116nam a22003371i 4500 | ||
|---|---|---|---|
| 003 | EG-ScBUE | ||
| 005 | 20230227035911.0 | ||
| 008 | 150810t2008 gw o f c 001 0 eng d | ||
| 020 | _a9783866540750 | ||
| 040 |
_aEG-ScBUE _beng _erda _cEG-ScBUE _dEG-ScBUE |
||
| 041 |
_aeng _ager _aspa _afre _aita |
||
| 082 | 0 | 4 |
_a741.6074 _bGRA _222 |
| 245 | 0 | 0 |
_aGraphic design inspirations / _c[written, directed & edited by Flo Gaertner and Lars Harmsen] |
| 264 | 1 |
_aCologne ; _aKöln : _bdaab, _c[2008] |
|
| 264 | 4 | _cc2008 | |
| 300 |
_a699 pages : _bphotographs ; _c29 cm |
||
| 336 |
_2rdacontent _atext _btxt |
||
| 337 |
_2rdamedia _aunmediated _bn |
||
| 338 |
_2rdacarrier _avolume _bnc |
||
| 500 | _aIndex in back pocket. | ||
| 500 | _aIncludes index. | ||
| 546 | _aIntroduction in English, German, Spanish, French & Italian. | ||
| 650 | 7 |
_aCommercial art _vCatalogs. _2BUEsh |
|
| 650 | 7 |
_aGraphic arts _vCatalogs. _2BUEsh |
|
| 651 | _2BUEsh | ||
| 653 |
_bCOMAME _cAugust2015 _cFebruary2016 |
||
| 655 | _vReading book | ||
| 700 | 1 |
_aGaertner, Flo. _eeditor. |
|
| 700 | 1 |
_aHarmsen, Lars, _eeditor. |
|
| 942 |
_2ddc _cBB |
||
| 999 |
_c20490 _d20462 |
||